Fred and George Weasley - Harry Potter Quiz - Statistics

General Stats
  • This quiz has been taken 28 times
  • The average score is 8 of 15
Answer Stats
Question Answer % Correct
What is the twins' birthday? April 1st
87%
How does George say he feels after losing an ear? Like a saint
83%
What are the twins' fireworks called? Weasleys' Wildfire Whizbangs
78%
What do the twins say in unison when they polyjuice into Harry Potter? Wow, we're identical!
78%
Which joke candy of Fred and George's does Dudley unknowingly test? Ton Tongue Toffee
65%
How much money did Harry Potter give the twins to start their joke shop? 1000 galleons
57%
In what manner do Fred and George Weasley sing the school song? As a slow funeral march
48%
How does Fred greet his mother in the Leaky Cauldron? Mum! How really corking to see you--
48%
What gift do the twins send Harry when he's in the hospital wing after fighting Quirrel? A hogwarts toilet seat
43%
Which twin speaks first in the series George
43%
After Fred dies, which of his brothers tries to drag him to safety in the middle of the Battle of Hogwarts? Percy
43%
What did George and Fred do to get into trouble with Filch in their first year which led to them obtaining the Marauder's Map? Set off a dung bomb in a corridor
43%
What is the street number of Weasleys' Wizard Wheezes? 93 Diagon Alley
39%
What is Fred's name on the anti-Voldemort radio show, Potterwatch Rapier
30%
What colour are their jumpers in The Philosopher's Stone? Blue
22%
No matching quizzes found
Score Distribution
Percent of People with Each Score
Percentile by Number Answered
Your Score History
You have not taken this quiz